PZP - parametre, aktuality, novinky

Aktuálne problémy povinného zmluvného poistenia zodpovednosti za škody spôsobené prevádzkou motorových vozidiel (PZP). Základné parametre trhu PZP v roku 2016 v porovnaní s rokom 2015. Škody pobočky poisťovne Astra hradené z garančného fondu. Niektoré aktuálne otázky náhrady škody na majetku z PZP....

Ausführliche Beschreibung

Gespeichert in:
Bibliographische Detailangaben
1. Verfasser: Fekete, Imrich
Format: Buchkapitel
Sprache:Slowakisch
Schlagworte:
Tags: Tag hinzufügen
Keine Tags, Fügen Sie das erste Tag hinzu!

MARC

LEADER 00000naa a2200000 4500
001 0247590
005 20180910103544.5
041 0 |a slo 
044 |a SK 
245 1 0 |a PZP - parametre, aktuality, novinky  |c Imrich Fekete 
520 |a Aktuálne problémy povinného zmluvného poistenia zodpovednosti za škody spôsobené prevádzkou motorových vozidiel (PZP). Základné parametre trhu PZP v roku 2016 v porovnaní s rokom 2015. Škody pobočky poisťovne Astra hradené z garančného fondu. Niektoré aktuálne otázky náhrady škody na majetku z PZP. Náhrada nemajetkovej ujmy pozostalým z PZP. 
610 2 0 |a poisťovníctvo 
610 2 0 |a poistenie povinné zmluvné 
610 2 0 |a vozidlá motorové 
610 2 0 |a zodpovednosť za škody 
610 2 0 |a náhrada škody 
610 2 0 |a legislatíva 
610 2 0 |a súdy 
610 2 0 |a Slovensko 
100 1 |a Fekete, Imrich